1796 1663 1902 1205 1701 1110 1204 1340 1032 1723 1318 1172 1932 1560 1574 1741 1723 1826 1201 1157 1079 1838 1035 1578 1198 1531 1022 1801 1746 1508 1484 1689 1652 1830 1545 1755 1254 1907 1771 1358 1787 1485 1592 1762 1647 1657 1518 1336 1860 1022 1152 1027 1370 1696 1420 1109 1943 1015 1881 1873 1047 1658 1874 1736 1159 1136 1537 1719 1099 1048 1469 1727 1753 1947 1520 1161 1347 1134 1814 1954 1629 1285 1255 1074 1419 1875 1281 1300 1344 1668 1066 1433 1649 1635 1437 1435 1680 1232 1724 BCNSPRNW ULIB Ver.6.0+V

เปลี่ยนเป็นภาษาไทย

Change to English
 แสดงรายละเอียดบรรณานุกรม
  กลับหน้าหลัก

Brief Record : Get Marc (ISO 2709) : E-mail record : QR code < ปิดหน้าต่าง
LEADER : 00000nam 2200000uu 4500
001    13399125026
003     ULIB
008    160529s2557||||th 000 0 tha d
020    ^a9789746727860
060 04 ^aWB310^bก451
245 00 ^aการดูแลผู้ป่วยแบบประคับประคอง =^bPalliative care /^cคณะบรรณาธิการ, บุษยามาส ชีวสกุลยง ... [และคนอื่นๆ]
246 31 ^aPalliative care
250    ^aพิมพ์ครั้งที่ 2
260    ^aเชียงใหม่ :^bคณะแพทยศาสตร์ มหาวิทยาลัยเชียงใหม่,^c2557
300    ^aix, 368 หน้า :^bภาพประกอบ ;^c27 ซม.
650  4 ^aการดูแลผู้ป่วยระยะสุดท้าย
650  4 ^aการรักษาเพื่อบรรเทาอาการ
650  4 ^aผู้ป่วยหนัก, การดูแล
700 0  ^aบุษยามาส ชีวสกุลยง,^eบรรณาธิการ
710 2  ^aมหาวิทยาลัยเชียงใหม่. ^bคณะแพทยศาสตร์
945    ^p400^l0^i001083
945    ^p400^l0^i001084
945    ^p400^l0^i001085
945    ^p400^l0^i001086
945    ^p400^l0^i001087
945    ^p400^l0^i001088
945    ^p400^l0^i001089
999    ^aเกษร โพธิ์สุวรรณ
รายการนี้ยังไม่มีแท็ก
คุณยังไม่ได้ล็อกอิน คุณสามารถมีกิจกรรมร่วมกับเว็บไซต์ได้ แต่ต้องล็อกอินก่อน ::
  ล็อกอิน

รายการสื่อสารสนเทศ

ลำดับที่ ประเภท เลขเรียก/บาร์โค้ด สถานที่ สถานะ
1. วิทยาศาสตร์การแพทย์ และสุขภาพ
วิทยาศาสตร์การแพทย์ และสุขภาพ
สถานะ=หนังสือเก่า
WB310 ก451 ฉ.1 
  Barcode: 001083
ห้องสมุดวิทยาเขตสวรรค์ประชารักษ์
►ส่วนจัดเก็บหนังสือเก่า สปร
บนชั้น
  ขอยืม
2. วิทยาศาสตร์การแพทย์ และสุขภาพ
วิทยาศาสตร์การแพทย์ และสุขภาพ
สถานะ=หนังสือเก่า
WB310 ก451 ฉ.2 
  Barcode: 001084
ห้องสมุดวิทยาเขตสวรรค์ประชารักษ์
►ส่วนจัดเก็บหนังสือเก่า สปร
บนชั้น
  ขอยืม
3. วิทยาศาสตร์การแพทย์ และสุขภาพ
วิทยาศาสตร์การแพทย์ และสุขภาพ
สถานะ=หนังสือเก่า
WB310 ก451 ฉ.3 
  Barcode: 001085
ห้องสมุดวิทยาเขตสวรรค์ประชารักษ์
►ส่วนจัดเก็บหนังสือเก่า สปร
บนชั้น
  ขอยืม
4. วิทยาศาสตร์การแพทย์ และสุขภาพ
วิทยาศาสตร์การแพทย์ และสุขภาพ
สถานะ=หนังสือเก่า
WB310 ก451 ฉ.4 
  Barcode: 001086
ห้องสมุดวิทยาเขตสวรรค์ประชารักษ์
►ส่วนจัดเก็บหนังสือเก่า สปร
บนชั้น
  ขอยืม
5. วิทยาศาสตร์การแพทย์ และสุขภาพ
วิทยาศาสตร์การแพทย์ และสุขภาพ
สถานะ=หนังสือเก่า
WB310 ก451 ฉ.5 
  Barcode: 001087
ห้องสมุดวิทยาเขตสวรรค์ประชารักษ์
►ส่วนจัดเก็บหนังสือเก่า สปร
บนชั้น
  ขอยืม
6. วิทยาศาสตร์การแพทย์ และสุขภาพ
วิทยาศาสตร์การแพทย์ และสุขภาพ
สถานะ=หนังสือเก่า
WB310 ก451 ฉ.6 
  Barcode: 001088
ห้องสมุดวิทยาเขตสวรรค์ประชารักษ์
►ส่วนจัดเก็บหนังสือเก่า สปร
บนชั้น
  ขอยืม
7. วิทยาศาสตร์การแพทย์ และสุขภาพ
วิทยาศาสตร์การแพทย์ และสุขภาพ
สถานะ=หนังสือเก่า
WB310 ก451 ฉ.7 
  Barcode: 001089
ห้องสมุดวิทยาเขตสวรรค์ประชารักษ์
►ส่วนจัดเก็บหนังสือเก่า สปร
บนชั้น
  ขอยืม

รายการใกล้เคียง
    หัวเรื่อง [การดูแลผู้ป่วยระยะสุดท้าย]
    หัวเรื่อง [การรักษาเพื่อบรรเทาอาการ]
    หัวเรื่อง [ผู้ป่วยหนัก, การดูแล]

BibComment


ยังไม่เคยถูกคอมเมนท์

คอมเมนท์ทรัพยากรรายการนี้
  คอมเมนท์: การดูแลผู้ป่วยแบ..


 Copyright 2026. Bcnsprnw @Library